000 00201 a2200085 4500
020 _a9789881470355
100 _aSendPoints (Editor)
245 _aOrganic Design
260 _bSendpoints Publishing Co
_c 2016
999 _c13341
_d13341